Estudio del impuesto sobre la renta. Personas fs̕icas 2016

Bibliographic Details
Main Author: Přez Chavez, Jos ̌
Format: Book
Language:Spanish
Published: Mexico Tax Editores 2016
Subjects:
Online Access:Acceso restringido

MARC

LEADER 00000nam a22000007a 4500
005 20160622145931.0
007 cr|||| ||u|
008 160622s2016 mx ||||| |||| 00||0 spa d
020 |a 978-607-440-868-3 
035 |a 14298 
040 |a vLex  
090 |c 6212  |d 6212 
100 0 |a Přez Chavez, Jos ̌ 
245 1 0 |a Estudio del impuesto sobre la renta. Personas fs̕icas 2016  |h [Recurso elctronico] /   |c Jos ̌Přez Chavez  
256 |a Servicio en linea 
260 |a Mexico  |b Tax Editores  |c 2016 
300 |a 1 recurso electronico  
500 |a Entre los tributos ms̀ importantes del sistema fiscal mexicano se encuentra el Impuesto sobre la Renta (ISR), el cual, por lo general, grava la renta (utilidades) de las personas tanto fs̕icas como morales. Por lo anterior, hemos elaborado la presente obra, denominada Estudio del Impuesto sobre la Renta. Personas fs̕icas. Su principal objetivo es presentar a los lectores un extenso anl̀isis de las disposiciones fiscales relacionadas con dicho gravamen mediante el marco ter̤ico de cada tema y la resolucin̤ de diversos casos prc̀ticos. El lector encontrar ̀en esta obra, entre otros, los siguientes temas relativos a los ingresos percibidos por las personas fs̕icas: 1. Cl̀culo de la retencin̤ de ISR que los empleadores deben efectuar a los que perciben salarios y conceptos asimilados a estos (se incluye la retencin̤ por la percepcin̤ de ingresos por indemnizaciones, aguinaldo, PTU y otros). 2. Determinacin̤ de la base del impuesto; cl̀culo de los pagos provisionales, renta gravable y el importe de la PTU, as ̕como el tratamiento de las přdidas fiscales, en relacin̤ con las personas fs̕icas que desarrollan actividades empresariales y profesionales. 3. Cl̀culo de la base del impuesto, determinacin̤ de los pagos bimestrales definitivos del ISR, as ̕como de la renta gravable y el importe de la PTU de los contribuyentes del rǧimen de incorporacin̤ fiscal. 4. Determinacin̤ de la base del impuesto y de los pagos provisionales por el arrendamiento de bienes inmuebles. 5. Determinacin̤ de la base del impuesto y, en su caso, de los pagos provisionales cuando se perciben ingresos por adquisicin̤ de bienes, enajenacin̤ de bienes muebles e inmuebles, dividendos, intereses y otros ingresos. 6. Cl̀culo del impuesto del ejercicio de las personas fs̕icas. Este libro se encuentra actualizado con el nuevo Reglamento de la Ley del ISR, publicado en el Diario Oficial de la Federacin̤ el 8 de octubre de 2015, el cual entr ̤en vigor el 9 de octubre del mismo aǫ. Estamos seguros de que esta obra ser ̀de gran utilidad para los contribuyentes (personas fs̕icas), profesionales del r̀ea fiscal, estudiantes de nuestra legislacin̤ fiscal y, en general, para toda aquella persona interesada en el tema. 
506 1 |a Contnido solo disponible en los productos indicados  |d vLex Global   |d vLex Global (Academic Edition, excluding Law Schools)  |d vLex Global (U.S. Academic Edition, Law Schools)  |d vLex Global (U.S. Academic Edition, excluding Law Schools)  |d vLex Global (Academic Edition, Law Schools) 
650 0 4 |a Impuestos  |z Mexico 
740 0 |a vLex libros (servicio en linea) 
856 4 0 |u http://vlex.com/source/estudio-del-impuesto-sobre-la-renta-personas-fisicas-2016-14298  |z Acceso restringido  
942 |c BOOK 
999 0 |a Tax  |b Mexico